Dinosaurs-Easy - Statistics

General Stats
  • This quiz has been taken 525 times
  • The average score is 6 of 11
Answer Stats
Hint Answer % Correct
One of the largest land carnivores. Has Short Arms. Tyrannosaurus
98%
Three-horned face Triceratops
92%
Spike Plates along its back. Stegosaurus
87%
Has an armored body and a club for a tail. Ankylosaurus
76%
Small Carnivorous Pack Animal Velociraptor
73%
Flying reptile Pterodactyl
65%
Largest known Hervbivore dinosaur. Brachiosaurus
58%
Large Cranial crest Parasaurolophus
9%
Smart raptor, Most closely related to birds. Deinonychus
7%
Crocodile Rutiodon
2%
Hornlets along it neck Frills Centrosaurus
1%
No matching quizzes found
Score Distribution
Percent of People with Each Score
Percentile by Number Answered
Your Score History
You have not taken this quiz